Education of exceptional children and youth /

Saved in:
Bibliographic Details
Main Author: Cruickshank, William M. (William Mellon)
Other Authors: Johnson, George Orville, 1915-
Format: Book
Language:English
Published: London : Staple Press, 1958.
Series:Prentice-Hall psychology series
Subjects:
LEADER 01044nam a2200253 i 4500
001 c000047920
003 CARM
005 00000000000000.0
008 830225s1958 00000 eng d
019 1 |a 2493355  |5 LACONCORD2021 
035 |a (OCoLC)25680056  |5 LACONCORD2021 
050 0 0 |a LC3951.C7 
100 1 |a Cruickshank, William M.  |q (William Mellon) 
245 1 0 |a Education of exceptional children and youth /  |c edited by William M. Cruickshank [and] G. Orville Johnson. Contributing authors: Georgie Lee Abel [and others]. 
260 |a London :  |b Staple Press,  |c 1958. 
300 |a xiv, 723 p :  |b illus., map ;  |c 24 cm. 
440 0 |a Prentice-Hall psychology series 
500 |a Includes bibliographies. 
650 0 |a Special education. 
700 1 |a Johnson, George Orville,  |d 1915- 
852 8 |b CARM  |h A2:AI33F0  |i C04329  |p 0176583  |f BK 
082 0 4 |a 371.92 
999 f f |i 2ec17a28-5ade-5adf-a2dd-f904c0db72de  |s 2a4f0363-bda1-59d6-bef0-2fb31f244660 
952 f f |p Can circulate  |a CAVAL  |b CAVAL  |c CAVAL  |d CARM 1 Store  |e C04329  |f A2:AI33F0  |h Other scheme  |i book  |m 0176583